000 00470nam a2200157Ia 4500
008 231217s9999 xx 000 0 und d
041 _aEnglish
082 _a620.106 SHA
100 _aShariff, Abdulla Shariff N A Shariff F A
245 0 _aHydraulics and fluid mechanics and hydraulic machinery
250 _a1st ed.
260 _c1989
_bNew Delhi : Dhanpat Rai,
300 _axv+332
650 _aHydraulics & fluid mechanics Hydraulics machinery
942 _cAA
999 _c160573
_d160573